|
|
|
|
| LEADER |
00000cac a2200000 a 4500 |
| 003 |
Ucuenca |
| 005 |
20230308215828.0 |
| 008 |
011103|1970 mx |||||r|||||||||||spa|| |
| 040 |
|
|
|b spa
|
| 041 |
1 |
|
|a spa
|
| 082 |
0 |
|
|a 778.5
|
| 100 |
1 |
|
|a Sarris, Andrew
|d 1928-
|9 212328
|
| 245 |
3 |
3 |
|a El cine norteamericano: directores y direcciones 1929-1968
|c Andrew Sarris. Traductor Agustín Bárcena
|h imp
|
| 264 |
|
|
|a México
|b Diana
|c 1970
|
| 300 |
|
|
|a 422 páginas:
|c 19 cm
|
| 490 |
|
|
|a Moderna
|n no. 140
|
| 650 |
|
|
|a Cine norteamericano
|9 98320
|
| 650 |
|
|
|a Directores norteamericanos
|9 65646
|
| 650 |
|
|
|a Cine
|9 646
|
| 852 |
|
|
|a UC-CDJBV
|f Donación
|l 1
|m General
|p 20111031
|q 1.00
|r 8
|t si5811
|b 0
|d CDRC
|e CDRC
|g 778.5 ESTANTERIA CERRADA
|z 2011-11-03
|
| 942 |
|
|
|c CR
|z lourdes.naula@ucuenca.edu.ec
|
| 999 |
|
|
|c 132060
|d 132060
|